<?xml version="1.0" encoding="UTF-8"?>
<record
    xmlns:xsi="http://www.w3.org/2001/XMLSchema-instance"
    xsi:schemaLocation="http://www.loc.gov/MARC21/slim http://www.loc.gov/standards/marcxml/schema/MARC21slim.xsd"
    xmlns="http://www.loc.gov/MARC21/slim">

  <leader>00628nam a22002177a 4500</leader>
  <controlfield tag="005">20170124110116.0</controlfield>
  <datafield tag="010" ind1=" " ind2=" ">
    <subfield code="a">829493</subfield>
  </datafield>
  <datafield tag="020" ind1=" " ind2=" ">
    <subfield code="c">00.00</subfield>
    <subfield code="a">0340206969</subfield>
  </datafield>
  <datafield tag="035" ind1=" " ind2=" ">
    <subfield code="a">829493</subfield>
  </datafield>
  <datafield tag="037" ind1=" " ind2=" ">
    <subfield code="b">Cen Lib/Ret</subfield>
  </datafield>
  <datafield tag="040" ind1=" " ind2=" ">
    <subfield code="a">DPL</subfield>
    <subfield code="b">EN</subfield>
  </datafield>
  <datafield tag="082" ind1=" " ind2=" ">
    <subfield code="a">S</subfield>
    <subfield code="b">KER</subfield>
  </datafield>
  <datafield tag="100" ind1=" " ind2=" ">
    <subfield code="a">Ker Wilson, Barbara </subfield>
    <subfield code="9">30026</subfield>
  </datafield>
  <datafield tag="245" ind1=" " ind2=" ">
    <subfield code="a">A handful of ghosts :</subfield>
    <subfield code="c">by Barbara Ker Wilson </subfield>
    <subfield code="b">thirteen eerie tales by Australian authors /</subfield>
  </datafield>
  <datafield tag="260" ind1=" " ind2=" ">
    <subfield code="a">London </subfield>
    <subfield code="b">Hodder and Stoughton </subfield>
    <subfield code="c">1976</subfield>
  </datafield>
  <datafield tag="270" ind1=" " ind2=" ">
    <subfield code="b">London </subfield>
  </datafield>
  <datafield tag="300" ind1=" " ind2=" ">
    <subfield code="a">vii, 180p.</subfield>
    <subfield code="c">19cm(Hb)</subfield>
  </datafield>
  <datafield tag="650" ind1=" " ind2=" ">
    <subfield code="a">Austrailian literature </subfield>
    <subfield code="9">30027</subfield>
  </datafield>
  <datafield tag="650" ind1=" " ind2=" ">
    <subfield code="a">Ghosts stories </subfield>
    <subfield code="9">30028</subfield>
  </datafield>
  <datafield tag="942" ind1=" " ind2=" ">
    <subfield code="2">ddc</subfield>
    <subfield code="c">EN</subfield>
    <subfield code="h">S</subfield>
    <subfield code="m">KER</subfield>
  </datafield>
  <datafield tag="999" ind1=" " ind2=" ">
    <subfield code="c">130754</subfield>
    <subfield code="d">130754</subfield>
  </datafield>
  <datafield tag="952" ind1=" " ind2=" ">
    <subfield code="0">0</subfield>
    <subfield code="1">0</subfield>
    <subfield code="4">0</subfield>
    <subfield code="7">0</subfield>
    <subfield code="a">L</subfield>
    <subfield code="b">L</subfield>
    <subfield code="d">2015-07-10</subfield>
    <subfield code="e">Cen Lib/Ret</subfield>
    <subfield code="g">0.00</subfield>
    <subfield code="l">0</subfield>
    <subfield code="o">S KER</subfield>
    <subfield code="p">829493</subfield>
    <subfield code="r">2015-07-10 00:00:00</subfield>
    <subfield code="t">1</subfield>
    <subfield code="v">0.00</subfield>
    <subfield code="w">2015-07-10</subfield>
    <subfield code="y">EN</subfield>
  </datafield>
</record>
